| Tag |
First Indicator |
Second Indicator |
Subfields |
| LEADER |
00000cem a2200000Ia 4500 |
| 001 |
in00002774821 |
| 005 |
20150922121854.0 |
| 007 |
aj canzn |
| 008 |
870519s1984 wvu a f 1 eng d |
| 034 |
1 |
|
|a a
|b 125000
|
| 035 |
|
|
|a (OCoLC)ocm15710923
|
| 035 |
|
|
|a (OCoLC)15710923
|
| 040 |
|
|
|a GPO
|b eng
|c GPO
|d SPI
|d OCL
|d OCLCQ
|d OKU
|d OCLCQ
|d TXA
|d UtOrBLW
|
| 043 |
|
|
|a n-us-wv
|
| 049 |
|
|
|a TXAM
|
| 052 |
|
|
|a 3892
|b M6
|b S67
|
| 074 |
|
|
|a 80-F
|
| 086 |
0 |
|
|a A 13.92:M 75/2/map/alt.A-F/rec.
|
| 086 |
0 |
|
|a A 13.92:M 75/2/NRA map
|
| 090 |
|
|
|a G3892.S67G45 1984
|b .U5
|
| 110 |
1 |
|
|a United States.
|b Forest Service.
|
| 245 |
1 |
0 |
|a Forest land & resource management plan-1984 :
|b Spruce Knob-Seneca Rocks National Recreation Area.
|
| 246 |
3 |
|
|a Spruce Knob-Seneca Rocks National Recreation Area
|
| 255 |
|
|
|a Scale [ca. 1:125,000].
|
| 264 |
|
1 |
|a Elkins, W. Va. :
|b Forest Supervisor's Hdqts,
|c [1984?]
|
| 300 |
|
|
|a 5 maps :
|b color ;
|c 48 x 40 cm.
|
| 336 |
|
|
|a cartographic image
|b cri
|2 rdacontent
|
| 337 |
|
|
|a unmediated
|b n
|2 rdamedia
|
| 338 |
|
|
|a sheet
|b nb
|2 rdacarrier
|
| 500 |
|
|
|a Overprinted on map: Monongahela National Forest, West Virginia.
|
| 500 |
|
|
|a Shipping list number: 86-498-P, 86-505-P, 86-525-P.
|
| 500 |
|
|
|a "Limited revision 1981."
|
| 500 |
|
|
|a Includes "Recreation sites index."
|
| 505 |
0 |
|
|a Alternative A-F -- Forest plan NRA map-1984.
|
| 500 |
|
|
|a Cartographic material.
|
| 651 |
|
0 |
|a Spruce Knob-Seneca Rocks National Recreation Area (W. Va.)
|v Maps.
|
| 651 |
|
0 |
|a Monongahela National Forest (W. Va.)
|v Maps.
|
| 650 |
|
0 |
|a Conservation of natural resources
|z West Virginia
|z Monongahela National Forest
|v Maps.
|
| 994 |
|
|
|a C0
|b TXA
|
| 948 |
|
|
|a cataloged
|b h
|c 2012/10/5
|d c
|e agaffey
|f 2:30:07 pm
|
| 999 |
|
|
|a MARS
|
| 999 |
f |
f |
|s 89627840-5050-3975-8af5-933711df0d4a
|i bda3461f-b23c-351e-88eb-e4b4dd98c781
|t 0
|
| 952 |
f |
f |
|p normal
|a Texas A&M University
|b College Station
|c Sterling C. Evans Library
|d Evans: Maps (2nd floor)
|t 0
|e G3892.S67G45 1984 .U5
|h Library of Congress classification
|i unmediated -- sheet
|k Alternative C
|m A14832555525
|
| 952 |
f |
f |
|p normal
|a Texas A&M University
|b College Station
|c Sterling C. Evans Library
|d Evans: Maps (2nd floor)
|t 0
|e G3892.S67G45 1984 .U5
|h Library of Congress classification
|i unmediated -- sheet
|k Forest plan NRA map
|m A14832555452
|
| 952 |
f |
f |
|p normal
|a Texas A&M University
|b College Station
|c Sterling C. Evans Library
|d Evans: Maps (2nd floor)
|t 0
|e G3892.S67G45 1984 .U5
|h Library of Congress classification
|i unmediated -- sheet
|k Alternative D
|m A14832555567
|
| 952 |
f |
f |
|p normal
|a Texas A&M University
|b College Station
|c Sterling C. Evans Library
|d Evans: Maps (2nd floor)
|t 0
|e G3892.S67G45 1984 .U5
|h Library of Congress classification
|i unmediated -- sheet
|k Alternative B, E, F
|m A14832555494
|
| 998 |
f |
f |
|a G3892.S67G45 1984 .U5
|s Alternative D
|t 0
|l Evans: Maps (2nd floor)
|